P.G. Wodehouse, a literary biography /

Bibliographic Details
Main Author: Green, Benny, 1927-1998
Format: Book
Language:English
Published: New York, N.Y. : Rutledge Press, 1981.
Subjects:

MARC

Tag First Indicator Second Indicator Subfields
LEADER 00000cam a22000008a 4500
001 in00000081700
005 20151008054126.0
008 810518s1981 nyua b 00110beng
010 |a  81008629  
020 |a 0831768630 :  |c $12.95 
035 |a (OCoLC)07555946 
035 |9 AAH9713AM 
039 0 |a 2  |b 3  |c 3  |d 3  |e 3 
040 |a DLC  |c DLC  |d TXA  |d UtOrBLW 
049 |a TXAM  |c 1 [800552]  |a TXAS [wode]  |c 2 
050 0 0 |a PR6045.O53  |b Z675 1981 
082 0 |a 823/.912  |a B  |2 19 
100 1 |a Green, Benny,  |d 1927-1998. 
245 1 0 |a P.G. Wodehouse, a literary biography /  |c Benny Green. 
263 |a 8108 
264 1 |a New York, N.Y. :  |b Rutledge Press,  |c 1981. 
300 |a 256 pages, 16 unnumbered pages of plates :  |b illustrations ;  |c 24 cm. 
336 |a text  |b txt  |2 rdacontent 
337 |a unmediated  |b n  |2 rdamedia 
338 |a volume  |b nc  |2 rdacarrier 
500 |a Includes index. 
504 |a Bibliography: pages 249-250. 
600 1 0 |a Wodehouse, P. G.  |q (Pelham Grenville),  |d 1881-1975. 
650 0 |a Authors, English  |y 20th century  |v Biography. 
999 |a MARS 
999 f f |s ba597ba0-a31c-3ce3-8f22-0d3f90ceed8b  |i 1cea5b12-655a-3cbf-8143-f38e3265c97c  |t 0 
952 f f |p normal  |a Texas A&M University  |b College Station  |c Sterling C. Evans Library  |d Evans: Library Stacks  |t 0  |e PR6045.O53 Z675 1981  |h Library of Congress classification  |i unmediated -- volume  |m A14806187360 
952 f f |p noncirc  |a Texas A&M University  |b College Station  |c Cushing Memorial Library & Archives  |d Cushing: Literature/Wodehouse (Does not check out)  |t 0  |e PR6045.O53 Z675 1981  |h Library of Congress classification  |i unmediated -- volume 
998 f f |a PR6045.O53 Z675 1981  |t 0  |l Cushing: Literature/Wodehouse (Does not check out) 
998 f f |a PR6045.O53 Z675 1981  |t 0  |l Evans: Library Stacks